Advanced topics in computational partial differential equations : numerical methods and Diffpack programming
Αποθηκεύτηκε σε:
| Άλλοι συγγραφείς: | , |
|---|---|
| Μορφή: | Βιβλίο |
| Γλώσσα: | English |
| Δημοσίευση: |
Berlin :
Springer,
2003
|
| Σειρά: | Lecture notes in computational science and engineering ;
; 33 |
| Θέματα: | |
| Ετικέτες: |
Προσθήκη ετικέτας
Δεν υπάρχουν, Καταχωρήστε ετικέτα πρώτοι!
|
MARC
| LEADER | 00000nam a2200000 i 4500 | ||
|---|---|---|---|
| 001 | 1/81538 | ||
| 008 | 080410s2003 eng d | ||
| 020 | |a 3-540-01438-1 | ||
| 022 | |a 14397358 | ||
| 035 | |l 10096480 | ||
| 040 | |a GR-MY-UA |b gre |e aacr | ||
| 041 | 0 | |a eng | |
| 082 | 0 | |a 518.64 |2 (22) | |
| 245 | 1 | 0 | |a Advanced topics in computational partial differential equations : |b numerical methods and Diffpack programming / |c Hans Petter Langtangen, Aslak Tveito, editors |
| 260 | |a Berlin : |b Springer, |c 2003 | ||
| 300 | |a xix, 658 σ.; |b εικ.; |c 24 εκ. | ||
| 490 | 1 | |a Lecture notes in computational science and engineering |v ; 33 | |
| 504 | |a Περιέχει βιβλιογραφικές παραπομπές | ||
| 630 | 0 | 0 | |a Diffpack (Computer file) |
| 650 | 0 | 0 | |a Differential equations, Partial |x Numerical solutions |x Data processing. |
| 700 | 1 | |a Langtangen, Hans Petter |d 1962- |4 edt | |
| 700 | 1 | |a Tveito, Aslak |d 1961- |4 edt | |
| 830 | 0 | |a Lecture notes in computational science and engineering ; |v ; 33 | |
| 852 | |a INST |b LESVOS |e 20080410 |h 518.64 ADV |p 005100039562 |q 005100039562 |t BK |y 0 | ||
| 901 | |a BIBL1-2008-1 | ||
| 909 | |a Λ |b 143980 | ||
| 922 | |a 1ΕΛΗ |b 200801 |c ΕΠΕΑΕΚ2/ΤΕΘ |d ΠΑΠΑΣΩΤΗΡΙΟΥ | ||
| 970 | |a ΚΑΡΑ |b ΓΙΑΣΕΜΗ |z 2008/04/10 | ||